NLSUI OPAC header image

Cross-Border Mergers or Acquisitions Issues : (Record no. 114816)

MARC details
000 -LEADER
fixed length control field 01558nam a22002057a 4500
003 - CONTROL NUMBER IDENTIFIER
control field OSt
005 - DATE AND TIME OF LATEST TRANSACTION
control field 20200831220751.0
008 - FIXED-LENGTH DATA ELEMENTS--GENERAL INFORMATION
fixed length control field 190809b2014 ||||| |||| 00| 0 eng
020 ## - INTERNATIONAL STANDARD BOOK NUMBER
International Standard Book Number 9783659246791
040 ## - CATALOGING SOURCE
Transcribing agency nls
041 ## - LANGUAGE CODE
Language code of text/sound track or separate title English
082 ## - DEWEY DECIMAL CLASSIFICATION NUMBER
Classification number 650 ADI
100 ## - MAIN ENTRY--PERSONAL NAME
Personal name Adimike Ekene Martin
245 ## - TITLE STATEMENT
Title Cross-Border Mergers or Acquisitions Issues :
Statement of responsibility, etc. A Meta-Analytical Approach
260 ## - PUBLICATION, DISTRIBUTION, ETC.
Place of publication, distribution, etc. Germany
Name of publisher, distributor, etc. L A P Lambert Academic Publishing
Date of publication, distribution, etc. 2014
300 ## - PHYSICAL DESCRIPTION
Extent HB
505 ## - FORMATTED CONTENTS NOTE
Formatted contents note Description :<br/>World Investment Report, 2013 predicted a drop of 32 per cent in the Global FDI, this also affected Cross-Border M&A as a major form of Global FDI in 2013 as a result of globalization. Globalization has created an extremely competitive business environment across the world and as such the need to increase profits and shareholders' value constantly presses International Business Executives. Consequently, Mergers and Acquisitions (M&A) have been the preferred method of increasing growth and achieving target improvements in revenue. There are success or failure factors identified by many studies responsible for the trend. The immense benefits accruing from these transactions make the study imperative so that mergers will focus their resources on the success factors while minimizing the failure factors. As a result of these, Cross-Border M&A has achieved some milestones as a form of FDI and Globalization option used by many Multinationals.
600 ## - SUBJECT ADDED ENTRY--PERSONAL NAME
Personal name Electronic Book Text - Product Form
-- Strategic Management
-- Witchcraft
942 ## - ADDED ENTRY ELEMENTS (KOHA)
Source of classification or shelving scheme Dewey Decimal Classification
Koha item type BOOKs
Holdings
Withdrawn status Lost status Source of classification or shelving scheme Materials specified (bound volume or other part) Damaged status Not for loan Home library Current library Shelving location Date acquired Source of acquisition Cost, normal purchase price Total Checkouts Full call number Barcode Date last seen Price effective from Koha item type
    Dewey Decimal Classification PB     . . NAB Compactor 09.08.2018 Purchased 3599.00   650 ADI 36267 09.08.2019 09.08.2019 BOOKs